000 00509nam a2200193 4500
003 OSt
008 240226b |||||||| |||| 00| 0 eng d
041 _aeng
082 _a631.45
_bBAL/CO
245 _aConservation farming /
260 _aNew Delhi :
_bSoil conservation society of India
_c2009.
300 _a490 p.
700 _aBhan, Suraj
_96124
700 _aKarale, R.L.
_96125
700 _aSingh, Shamsher
_96126
700 _aBharti, V.K.
_96127
700 _aSubramaniyan, S.
_96128
942 _cBK
999 _c18074
_d18074